Ιστορικογεωγραφικά πρωτοβυζαντινών και εν γένει παλαιοχριστιανικών χρόνων

Αποθηκεύτηκε σε:
Λεπτομέρειες βιβλιογραφικής εγγραφής
Κύριος συγγραφέας: Κορδώσης, Μιχάλης Σ.
Μορφή: Βιβλίο
Γλώσσα:Greek
Δημοσίευση: Αθήνα : Βιβλιοπωλείο Διονυσίου Νότη Καραβία, 1996
Σειρά:Βιβλιοθήκη ιστορικών μελετών ; ; 264
Θέματα:
Ετικέτες: Προσθήκη ετικέτας
Δεν υπάρχουν, Καταχωρήστε ετικέτα πρώτοι!

MARC

LEADER 00000cam a2200000 i 4500
001 1/20278
008 010724s1996 gre d
020 |a 960-258-059-3 
035 |l 10067100 
040 |a GR-MY-UA  |b gre  |e aacr 
041 0 |a gre 
082 0 |a 911.38 
100 1 |a Κορδώσης, Μιχάλης Σ. 
245 1 0 |a Ιστορικογεωγραφικά πρωτοβυζαντινών και εν γένει παλαιοχριστιανικών χρόνων /  |c Μιχ. Σ. Κορδώση 
260 |a Αθήνα :   |b Βιβλιοπωλείο Διονυσίου Νότη Καραβία,   |c 1996 
300 |a 367 σ. 
490 1 |a Βιβλιοθήκη Ιστορικών Μελετών  |v ; 264 
504 |a Περιέχει βιβλιογραφία και ευρετήριο 
650 0 0 |a Geography  |z Byzantine Empire. 
651 0 |a Byzantine Empire  |x History. 
830 0 |a Βιβλιοθήκη ιστορικών μελετών ;  |v ; 264 
852 |a INST  |b LESVOS  |e 20010724  |h 911.38 ΚΟΡ  |p 005100027160  |q 005100027160  |t BK  |y 0 
901 |a BIBL1-2001-2 
909 |a Λ  |b 088089 
970 |a ΚΑΜΑΤΣΟΥ  |b ΔΕΣΠΟΙΝΑ  |z 2001/07/24